000 00616nam a2200193Ia 4500
005 20260120124505.0
008 008 260114s9999 xx 000 0 eng d
020 _a9781787690523
037 _aEBOOK
040 _aCRL
_beng
_cCRL
041 _aeng
_2eng
084 _qCRL
100 _aAlberto P‚rez La Rotta
_9907042
245 0 _aIntegrated Business Transformation: Maximizing Value by Connecting Strategy to Key Capabilities
260 _bEmerald Publishing
_c2018
856 _uhttps://www.emerald.com/insight/publication/doi/10.1108/9781787690493
942 _cEBOOK
999 _c1498729
_d1498729